Návrh aktualizovanej energetickej koncepcie pre SR do roku 2005

Skrátený Návrh aktualizovanej energetickej koncepcie pre SR do roku 2005, ktorý predložilo na verejné pripomienkovanie Ministerstvo hospodárstva SR po dohode s Ministerstvom životného prostredia SR. Východiská a ciele koncepcie. Nástroje na ich dosiahnutie. Energetické štandardy.

Guardado en:
Detalles Bibliográficos
Formato: Capítulo de libro
Lenguaje:eslovaco
Materias:
Etiquetas: Agregar Etiqueta
Sin Etiquetas, Sea el primero en etiquetar este registro!

MARC

LEADER 00000naa a2200000 4500
001 r026202
005 20230824090350.7
041 0 |a slo 
044 |a SK 
245 1 0 |a Návrh aktualizovanej energetickej koncepcie pre SR do roku 2005 
520 |a Skrátený Návrh aktualizovanej energetickej koncepcie pre SR do roku 2005, ktorý predložilo na verejné pripomienkovanie Ministerstvo hospodárstva SR po dohode s Ministerstvom životného prostredia SR. Východiská a ciele koncepcie. Nástroje na ich dosiahnutie. Energetické štandardy. 
610 2 0 |a Slovensko 
610 2 0 |a 1997-2005 
610 2 0 |a energetika 
610 2 0 |a koncepcie 
610 2 0 |a MH SR Bratislava 
610 2 0 |a MŽP SR Bratislava